[Event "Hamburg HSK Christmas op 4th"]
[Site "Hamburg"]
[Date "2018.12.27"]
[Round "2"]
[White "Mueller, Nico"]
[Black "Goltser, Ilja"]
[Result "1/2-1/2"]
[WhiteElo "1546"]
[BlackElo "1744"]
[PlyCount "70"]
[EventDate "2018.12.27"]
[EventType "swiss"]
[EventRounds "7"]
[EventCountry "GER"]
[SourceTitle "CBM 188 Extra"]
[Source "ChessBase"]
[SourceDate "2019.02.26"]
[SourceVersion "1"]
[SourceVersionDate "2019.02.26"]
[SourceQuality "1"]

1. e4 e6 2. d4 d5 3. Nc3 dxe4 4. Nxe4 Nd7 5. Nf3 Ngf6 6. Bd3 Nxe4 7. Bxe4 Nf6 8. Bg5 Be7 9. Bxf6 Bxf6 10. Qd3 h6 11. Bxb7 Bxb7 12. Qb5+ Qd7 13. Qxb7 0-0 14. Qe4 Qb5 15. b3 Qb4+ 16. Ke2 c5 17. a3 Qb5+ 18. Qd3 Qb6 19. dxc5 Qxc5 20. b4 Qc6 21. Rad1 Rac8 22. c4 Rfd8 23. Qc2 Qxc4+ 24. Qxc4 Rxc4 25. Rxd8+ Bxd8 26. Rd1 Bb6 27. Ne1 Kf8 28. f3 Ke7 29. Rd2 e5 30. Nc2 Ke6 31. Ne3 Bxe3 32. Kxe3 Rc3+ 33. Rd3 Rxd3+ 34. Kxd3 Kd5 35. g4 g6 1/2-1/2

[Event "GER-chT U14"]
[Site "Verden an der Aller"]
[Date "2017.12.27"]
[Round "1.2"]
[White "Goltser, Ilja"]
[Black "Geltz, Noah"]
[Result "0-1"]
[WhiteElo "1812"]
[BlackElo "1698"]
[PlyCount "142"]
[EventDate "2017.12.26"]
[EventType "team-swiss"]
[EventRounds "7"]
[EventCountry "GER"]
[SourceTitle "CBM 182 Extra"]
[Source "ChessBase"]
[SourceDate "2018.02.23"]
[SourceVersion "1"]
[SourceVersionDate "2018.02.23"]
[SourceQuality "1"]
[WhiteTeam "Hamburger SK"]
[BlackTeam "Biberach"]
[WhiteTeamCountry "GER"]
[BlackTeamCountry "GER"]

1. e4 c6 2. d4 d5 3. Nd2 Nd7 4. e5 e6 5. f4 Ne7 6. c3 c5 7. Ne2 Nc6 8. Nf3 cxd4 9. Nexd4 Nxd4 10. Nxd4 Bc5 11. Be3 0-0 12. Bd3 Nb8 13. Qh5 g6 14. Qe2 Bxd4 15. Bxd4 b6 16. 0-0 Nc6 17. Qf2 Nxd4 18. Qxd4 Qe7 19. b4 Bd7 20. Rfd1 Ba4 21. Rd2 Rfc8 22. Bc2 Rc4 23. Qe3 Bxc2 24. Rxc2 Rac8 25. Rac1 d4 26. Qd3 Qc7 27. Rd1 Rxc3 28. Rxc3 dxc3 29. Rc1 a5 30. a3 c2 31. Kf1 Qc6 32. b5 Qc5 33. Ke2 Kh8 34. g3 g5 35. a4 gxf4 36. gxf4 Qc4 37. Qxc4 Rxc4 38. Kd3 Rxa4 39. f5 Rb4 40. fxe6 fxe6 41. Rxc2 Rxb5 42. Rc6 Rxe5 43. Rxb6 Kg7 44. Kd4 Kf6 45. Rb7 Rh5 46. Ra7 Rh4+ 47. Ke3 Rxh2 48. Rxa5 e5 49. Ra7 Rh3+ 50. Ke4 Rh4+ 51. Kf3 h5 52. Ra8 Rf4+ 53. Ke3 Rg4 54. Kf3 e4+ 55. Ke3 Kg5 56. Ra1 h4 57. Ra5+ Kh6 58. Ra6+ Kh5 59. Ra5+ Rg5 60. Ra4 Kg4 61. Rxe4+ Kg3 62. Kd2 Rf5 63. Ke1 h3 64. Re3+ Rf3 65. Re8 Kg2 66. Re2+ Kg1 67. Re8 Rg3 68. Rf8 h2 69. Rf1+ Kg2 70. Rf2+ Kh3 71. Rf1 Rg1 0-1

[Event "GER-chT U12"]
[Site "Magdeburg"]
[Date "2015.12.28"]
[Round "4.3"]
[White "Goltser, Ilja"]
[Black "Dietz, Florian"]
[Result "0-1"]
[WhiteElo "1504"]
[BlackElo "1729"]
[PlyCount "56"]
[EventDate "2015.12.27"]
[EventType "team-swiss"]
[EventRounds "7"]
[EventCountry "GER"]
[SourceTitle "EXT 2017"]
[Source "ChessBase"]
[SourceDate "2016.10.25"]
[SourceVersion "1"]
[SourceVersionDate "2016.10.25"]
[SourceQuality "1"]
[WhiteTeam "Hamburger SK"]
[BlackTeam "Halle Reideburger"]
[WhiteTeamCountry "GER"]
[BlackTeamCountry "GER"]

1. d4 Nf6 2. c4 c5 3. Nf3 g6 4. Nc3 cxd4 5. Nxd4 Nc6 6. Nf3 Bg7 7. g3 0-0 8. Bg2 d6 9. 0-0 Be6 10. Nd2 d5 11. cxd5 Nxd5 12. Nxd5 Bxd5 13. e4 Be6 14. Qe2 Nd4 15. Qd1 Rc8 16. Nb3 Nc2 17. Qxd8 Rfxd8 18. Rb1 Bc4 19. Bh3 Ra8 20. Bf4 Bxf1 21. Kxf1 Nd4 22. Nc5 b6 23. Na4 e5 24. Bg5 f6 25. Be3 Nc2 26. Rc1 Nxe3+ 27. fxe3 Rd3 28. Ke2 Rxe3+ 0-1

[Event "GER-ch U12"]
[Site "Willingen"]
[Date "2015.05.29"]
[Round "9"]
[White "Goltser, Ilja"]
[Black "Kublanov, Elizabeth"]
[Result "0-1"]
[WhiteElo "1164"]
[BlackElo "1518"]
[PlyCount "82"]
[EventDate "2015.05.24"]
[EventType "swiss"]
[EventRounds "11"]
[EventCountry "GER"]
[SourceTitle "CBM 166 Extra"]
[Source "ChessBase"]
[SourceDate "2015.06.18"]
[SourceVersion "1"]
[SourceVersionDate "2015.06.18"]
[SourceQuality "1"]

1. e4 e5 2. Nf3 Nc6 3. Bc4 Bc5 4. c3 Nf6 5. d3 a6 6. b4 Bb6 7. Bg5 0-0 8. 0-0 h6 9. Be3 d6 10. Bxb6 cxb6 11. Nbd2 Bg4 12. a4 Ne7 13. Re1 Ng6 14. g3 Qd7 15. d4 Rad8 16. b5 a5 17. Rc1 h5 18. h4 Rfe8 19. Bd3 d5 20. dxe5 Nxe5 21. Nxe5 Rxe5 22. f3 Bh3 23. Rc2 dxe4 24. Bxe4 Nxe4 25. Rxe4 Rxe4 26. fxe4 Qe6 27. Qxh5 Qd6 28. Qf3 Qa3 29. Nf1 Qxa4 30. Rf2 Be6 31. Qh5 Qxe4 32. Qf3 Qxf3 33. Rxf3 Rd1 34. Kf2 a4 35. Ne3 a3 36. Rf4 Bb3 37. Re4 Rd8 38. Nf1 a2 39. Re1 Kh7 40. Ne3 Rd2+ 41. Kf3 Rb2 0-1

[Event "GER-ch U12"]
[Site "Willingen"]
[Date "2015.05.27"]
[Round "6"]
[White "Goltser, Ilja"]
[Black "Wu, Luka"]
[Result "0-1"]
[WhiteElo "1164"]
[BlackElo "1580"]
[PlyCount "110"]
[EventDate "2015.05.24"]
[EventType "swiss"]
[EventRounds "11"]
[EventCountry "GER"]
[SourceTitle "CBM 166 Extra"]
[Source "ChessBase"]
[SourceDate "2015.06.18"]
[SourceVersion "1"]
[SourceVersionDate "2015.06.18"]
[SourceQuality "1"]

1. e4 e5 2. Nf3 Nc6 3. Bc4 Bc5 4. c3 Nf6 5. d3 d6 6. b4 Bb6 7. a4 a5 8. b5 Na7 9. Bg5 h6 10. Be3 Bxe3 11. fxe3 0-0 12. 0-0 Be6 13. Nbd2 Nc8 14. Qe1 Nb6 15. Bb3 Qd7 16. Nh4 c6 17. Bxe6 fxe6 18. Ng6 Rfc8 19. c4 cxb5 20. axb5 Qf7 21. Qg3 Kh7 22. Nh4 Nbd7 23. Qh3 Qe8 24. Nhf3 Kg8 25. d4 exd4 26. exd4 e5 27. dxe5 Nxe5 28. Nxe5 Qxe5 29. Rxa5 Qd4+ 30. Rf2 Nxe4 31. Nxe4 Qxe4 32. Rxa8 Rxa8 33. Qc3 Rc8 34. Qb4 Rxc4 35. Qb3 d5 36. Qa3 Rb4 37. Qa2 Rb1+ 38. Rf1 Qe3+ 39. Qf2 Qxf2+ 40. Kxf2 Rxf1+ 41. Kxf1 Kf7 42. Ke2 Ke6 43. Kd3 Ke5 44. Ke3 d4+ 45. Kd3 Kd5 46. b6 Kc5 47. g4 g5 48. Kd2 Kxb6 49. Kd3 Kc5 50. h3 b5 51. Kc2 b4 52. Kb3 d3 53. Kb2 Kc4 54. Kc1 b3 55. Kb2 d2 0-1

[Event "GER-ch U12"]
[Site "Willingen"]
[Date "2015.05.25"]
[Round "4"]
[White "Goltser, Ilja"]
[Black "Khamenya, Vitalia"]
[Result "1/2-1/2"]
[WhiteElo "1164"]
[BlackElo "1377"]
[PlyCount "124"]
[EventDate "2015.05.24"]
[EventType "swiss"]
[EventRounds "11"]
[EventCountry "GER"]
[SourceTitle "CBM 166 Extra"]
[Source "ChessBase"]
[SourceDate "2015.06.18"]
[SourceVersion "1"]
[SourceVersionDate "2015.06.18"]
[SourceQuality "1"]

1. e4 c5 2. Nc3 e6 3. f4 Nc6 4. Nf3 Rb8 5. Be2 d5 6. e5 Nh6 7. 0-0 Be7 8. d3 Nf5 9. Re1 0-0 10. Bf1 b5 11. a3 a5 12. Bd2 b4 13. axb4 axb4 14. Ne2 Bb7 15. c3 Ba8 16. Qc2 b3 17. Qc1 Qc7 18. Rd1 Rfd8 19. Be1 f6 20. d4 c4 21. g4 Nh6 22. h3 f5 23. g5 Nf7 24. h4 g6 25. Ng3 h6 26. Qd2 Kg7 27. Rdc1 Rh8 28. Qg2 hxg5 29. hxg5 Na7 30. Kf2 Nb5 31. Rcb1 Qb6 32. Ke3 Nc7 33. Be2 Bb7 34. Bd2 Ra8 35. Qf1 Ra2 36. Qc1 Rha8 37. Be1 Qa5 38. Rxa2 bxa2 39. Ra1 Na6 40. Qc2 Nc7 41. Bd1 Bc6 42. Qe2 Ba4 43. Rxa2 Bxd1 44. Rxa5 Bxe2 45. Rxa8 Nxa8 46. Kxe2 Nb6 47. Kd1 Na4 48. Kc2 Nd8 49. b3 cxb3+ 50. Kxb3 Nb6 51. Nf1 Nc4 52. Bd2 Nc6 53. Ne3 Nb6 54. c4 dxc4+ 55. Nxc4 Nd5 56. Ka4 Nc7 57. Na5 Nd8 58. Bb4 Bxb4 59. Kxb4 Nd5+ 60. Kc5 Nxf4 61. Kd6 Kf8 62. Nc6 Nxc6 1/2-1/2